000 00610nam a22001577a 4500
008 160526b xxu||||| |||| 00| 0 eng d
082 _22009
_aUT 0172
_bAg93
100 _99198
_aAguilar, Rhea Therese Y.
245 _aEmotional intelligence skills and academic achievement of elementary pupils/
_cRhea Therese Y. Aguilar, Ginafe C. Suello and April Rose T. Waling.
260 _aDigos City:
_bUMDC
_cSeptember 2009.
300 _a33 pages;
_c28 cm.
650 0 _99195
_aElementary Education
_xUndergraduate thesis.
700 _99191
_aSuello, Ginafe C.
700 _99192
_aWaling, April Rose T.
942 _2ddc
_cUT
999 _c2777
_d2777